00244nam a2200109Ia 4500008004100000041000800041082001700049100001900066245003000085260001400115365000500129240624s9999 xx 000 0 und d aeng a658.4092 HRD aMULTIMEDIA HRD aSTRATEGIC LEADERSHIP GAME aPvt. Ltd. c